Geography Quiz

Random Geography or Flags Quiz
Score 0/49 Timer 20:00
0 Plays Today
% Correct
Israel
90.2%
Japan
87.1%
China
86.4%
South Korea
85.3%
India
83.9%
Russia
76.2%
North Korea
74.3%
Turkey
73.7%
Nepal
73.7%
Saudi Arabia
73.6%
Vietnam
72.4%
Malaysia
71.4%
Thailand
71%
Lebanon
70.9%
Afghanistan
69.5%
Philippines
69.5%
Indonesia
69.1%
Pakistan
68.8%
Singapore
68.7%
Iraq
68.7%
Cambodia
68.1%
Iran
67.4%
Georgia
67.4%
Sri Lanka
66.3%
Bangladesh
65.8%
% Correct
Qatar
63.8%
Syria
62.9%
Mongolia
62.7%
Taiwan
62.3%
Kazakhstan
61.3%
Kuwait
60.7%
Bhutan
60.4%
Brunei
59%
Armenia
57.6%
Azerbaijan
56.5%
Maldives
55.7%
UAE
55.5%
Laos
55.3%
Bahrain
54.9%
Kyrgyzstan
54%
Myanmar
53.4%
Jordan
52.2%
Oman
51.8%
Timor-Leste
50.3%
Uzbekistan
49.2%
Yemen
48.8%
Palestine
46.5%
Turkmenistan
45.7%
Tajikistan
39.8%
Remove Ads.
Support Sporcle.
Get the best of Sporcle when you Go Orange. This ad-free experience offers more features, more stats, and more fun while also helping to support Sporcle. Thank you for becoming a member.

You're not logged in!

Compare scores with friends on all Sporcle quizzes.
OR
Log In

Show Comments

Extras

Top Quizzes Today


Score Distribution

Your Account Isn't Verified!

In order to create a playlist on Sporcle, you need to verify the email address you used during registration. Go to your Sporcle Settings to finish the process.

Report this User

Report this user for behavior that violates our Community Guidelines.

Details: